| 000 | 00890nam a2200253Ia 4500 | ||
|---|---|---|---|
| 003 | OSt | ||
| 005 | 20220923224740.0 | ||
| 006 | a|||||r|||| 00| 0 | ||
| 007 | ta | ||
| 008 | 220922b |||||||| |||| 00| 0 hin d | ||
| 024 | _a249,476 | ||
| 037 | _cTextual | ||
| 040 |
_aARTS _cARTS _bhin |
||
| 041 |
_2hin _ahin |
||
| 082 | _aO152,1:g, J4 | ||
| 100 | _aखण्डेलवाल, रामेश्वरलाल | ||
| 245 | 0 | _aकविता मे प्रकृति चित्रण | |
| 246 | _aKavitā me prakṛuti chitraṇa | ||
| 260 |
_aदिल्ली _b नेशनल पब्लिशिंग हाउस _c1954 |
||
| 300 |
_a207पृ. _ccm. |
||
| 650 |
_aहिन्दी साहित्य _9156264 |
||
| 942 |
_hO152,1:g, J4 _cTEXL _2CC |
||
| 999 |
_c373393 _d373393 |
||